Characterisation of trabecular bone behaviour under impact /
Saved in:
| Main Author: | |
|---|---|
| Format: | Thesis |
| Language: | English |
| Published: |
Edinburgh :
School of Engineering, The University of Edinburgh,
2019
|
| Subjects: | |
| Tags: |
Add Tag
No Tags, Be the first to tag this record!
|
| LEADER | 010830000a22002410004500 | ||
|---|---|---|---|
| 008 | 200205s2019 stkad g m 000 0 eng d | ||
| 040 | |a UIAM |b eng |e rda | ||
| 050 | 0 | |a RC931.O73 | |
| 100 | 0 | |a Adib Hamdani bin Rosli, |e author | |
| 245 | 1 | 0 | |a Characterisation of trabecular bone behaviour under impact / |c Adib Hamdani bin Rosli |
| 264 | 1 | |a Edinburgh : |b School of Engineering, The University of Edinburgh, |c 2019 | |
| 300 | |a xxvi, 201 leaves : |b some color illustrations, some color charts ; |c 30 cm. | ||
| 336 | |2 rdacontent |a text | ||
| 337 | |2 rdamedia |a unmediated | ||
| 338 | |2 rdacarrier |a volume | ||
| 502 | |a Thesis (Ph.D)--The University of Edinburgh, 2019. | ||
| 504 | |a Includes bibliographical references (leaves 191-201). | ||
| 596 | |a 1 | ||
| 655 | 7 | |a Theses, IIUM foreign | |
| 710 | 2 | |a The University of Edinburgh. |b School of Engineering |e degree granting institution | |
| 900 | |a oc-sm-mab-ahm-naw | ||
| 999 | |c 441287 |d 472272 | ||
| 952 | |0 0 |6 T RC 000931 O73 A235C 2019 |7 0 |8 THESES |9 761926 |a IIUM |b IIUM |c MULTIMEDIA |g 0.00 |o t RC 931 O73 A235C 2019 |p 11100410214 |r 2020-02-14 |t 1 |v 0.00 |y THESIS | ||
